[Event "34 Open Internacional Ciudad de San Seba"]
[Site "Donostia-San Sebastian"]
[Date "2011.04.21"]
[Round "7"]
[White "Pressman, Leif"]
[Black "Lisarri Tomas, Antonio"]
[Result "1-0"]
[WhiteElo "2198"]
[BlackElo "2032"]
[PlyCount "36"]
[EventDate "2011.04.16"]
[EventRounds "9"]
[EventCountry "ESP"]

1. e4 c5 2. Nf3 d6 3. d4 cxd4 4. Nxd4 Nf6 5. Nc3 a6 6. Bg5 Nbd7 7. f4 b5 8.
Bxf6 gxf6 9. Nd5 Nc5 10. Qf3 Bd7 11. e5 fxe5 12. Nc7+ Qxc7 13. Qxa8+ Bc8 14.
fxe5 dxe5 15. Nxb5 axb5 16. Bxb5+ Nd7 17. Rd1 Bg7 18. Rxd7 Qxd7 1-0

[Event "34 Open Internacional Ciudad de San Seba"]
[Site "Donostia-San Sebastian"]
[Date "2011.04.21"]
[Round "7"]
[White "Suarez Garcia, Carlos"]
[Black "Baron, Romuald"]
[Result "1-0"]
[WhiteElo "2177"]
[BlackElo "1950"]
[PlyCount "71"]
[EventDate "2011.04.16"]
[EventRounds "9"]
[EventCountry "ESP"]

1. e4 c5 2. Nf3 d6 3. Nc3 Nf6 4. d4 cxd4 5. Nxd4 a6 6. Be2 e6 7. Be3 Be7 8. a4
b6 9. f4 Qc7 10. Bf3 Bb7 11. O-O Nbd7 12. Qe1 Nc5 13. Bd2 O-O 14. e5 Nd5 15.
Nxd5 Bxd5 16. b4 Bxf3 17. Nxf3 Nd7 18. Qg3 Qxc2 19. exd6 Bxd6 20. Rfd1 Nf6 21.
Rac1 Qg6 22. Rc6 Qxg3 23. hxg3 Rfd8 24. Rxb6 a5 25. Rc1 Nd5 26. Rxd6 Rxd6 27.
b5 f6 28. Be1 Rad8 29. Kh2 Nb4 30. Bxb4 axb4 31. Rb1 Kf7 32. Rxb4 Ke8 33. a5
Ra8 34. b6 Kd7 35. a6 Rb8 36. a7 1-0

[Event "34 Open Internacional Ciudad de San Seba"]
[Site "Donostia-San Sebastian"]
[Date "2011.04.21"]
[Round "7"]
[White "Bas Mas, Jose Joaquin"]
[Black "Arana Garate, Jon"]
[Result "1-0"]
[WhiteElo "2150"]
[BlackElo "1924"]
[PlyCount "63"]
[EventDate "2011.04.16"]
[EventRounds "9"]
[EventCountry "ESP"]

1. e4 d6 2. c4 e5 3. Nf3 Nf6 4. Nc3 Be7 5. d4 exd4 6. Nxd4 O-O 7. Be2 Nc6 8.
O-O Ne8 9. Be3 f5 10. Nxf5 Bxf5 11. Qd5+ Kh8 12. exf5 Bf6 13. g4 Bxc3 14. bxc3
Qh4 15. Qg2 Nf6 16. Rab1 Ne5 17. h3 h5 18. f4 Nexg4 19. hxg4 Nxg4 20. Bxg4 hxg4
21. Qh2 Qxh2+ 22. Kxh2 Rae8 23. Rfe1 Re4 24. Bd4 Rxe1 25. Rxe1 c5 26. Be3 Rxf5
27. Kg3 Rh5 28. Re2 Kg8 29. Kxg4 Rh1 30. Rd2 Ra1 31. Rxd6 Rxa2 32. Bxc5 1-0

[Event "34 Open Internacional Ciudad de San Seba"]
[Site "Donostia-San Sebastian"]
[Date "2011.04.21"]
[Round "7"]
[White "Gorshkova, Irina"]
[Black "Buiza Prieto, Aizbeltz"]
[Result "1/2-1/2"]
[WhiteElo "2166"]
[BlackElo "1905"]
[PlyCount "29"]
[EventDate "2011.04.16"]
[EventRounds "9"]
[EventCountry "ESP"]

1. e4 c5 2. c3 Nc6 3. d4 d5 4. exd5 Qxd5 5. Nf3 Bg4 6. Be2 cxd4 7. cxd4 e6 8.
Nc3 Qa5 9. O-O Nf6 10. h3 Bh5 11. a3 Be7 12. Be3 O-O 13. b4 Qc7 14. Rc1 Qd7 15.
Qd2 1/2-1/2

[Event "34 Open Internacional Ciudad de San Seba"]
[Site "Donostia-San Sebastian"]
[Date "2011.04.21"]
[Round "7"]
[White "Aranaz Murillo, Amalia"]
[Black "Montolio Benedicto, Cesar"]
[Result "1-0"]
[WhiteElo "2164"]
[BlackElo "1992"]
[PlyCount "37"]
[EventDate "2011.04.16"]
[EventRounds "9"]
[EventCountry "ESP"]

1. Nf3 Nf6 2. c4 g6 3. g3 Bg7 4. Bg2 d6 5. d4 O-O 6. O-O Nc6 7. Nc3 a6 8. d5
Na5 9. b3 Ne4 10. Nxe4 Bxa1 11. Bd2 Nxc4 12. Qxa1 Nxd2 13. Nfxd2 b6 14. Qd4 Bb7
15. h4 c6 16. dxc6 Bxc6 17. Nf6+ exf6 18. Bxc6 Ra7 19. Ne4 1-0

[Event "34 Open Internacional Ciudad de San Seba"]
[Site "Donostia-San Sebastian"]
[Date "2011.04.21"]
[Round "7"]
[White "Baekelant, Eva"]
[Black "Etxagibel Larranaga, Asier"]
[Result "1-0"]
[WhiteElo "2103"]
[BlackElo "1990"]
[PlyCount "69"]
[EventDate "2011.04.16"]
[EventRounds "9"]
[EventCountry "ESP"]

1. d4 d5 2. c4 c6 3. e3 Nf6 4. Nf3 a6 5. Bd3 e6 6. Nbd2 Be7 7. O-O O-O 8. e4
dxe4 9. Nxe4 Nbd7 10. b3 Nxe4 11. Bxe4 Nf6 12. Bc2 b6 13. Bb2 Bb7 14. Qd3 g6
15. Rad1 Qc7 16. h3 Rfd8 17. Qe3 Ne8 18. Ne5 Ng7 19. Qc3 Ne8 20. Ng4 Bf8 21.
Bc1 Bg7 22. Qe3 Rd7 23. Rd2 Nd6 24. Ne5 Rad8 25. Qf4 Ne8 26. Re1 Rc8 27. Qe3
Nd6 28. c5 Nf5 29. Bxf5 exf5 30. Nc4 bxc5 31. dxc5 Bf8 32. Bb2 Rxd2 33. Qxd2
Qd8 34. Nd6 Be7 35. Qc3 1-0

[Event "34 Open Internacional Ciudad de San Seba"]
[Site "Donostia-San Sebastian"]
[Date "2011.04.21"]
[Round "7"]
[White "Hilarius, Sander"]
[Black "Clement, Alexandre"]
[Result "1/2-1/2"]
[WhiteElo "2096"]
[BlackElo "1982"]
[PlyCount "25"]
[EventDate "2011.04.16"]
[EventRounds "9"]
[EventCountry "ESP"]

1. d4 d5 2. c4 c6 3. Nf3 Nf6 4. Nc3 e6 5. Bg5 Nbd7 6. cxd5 cxd5 7. e3 Qa5 8.
Bxf6 Nxf6 9. Bb5+ Bd7 10. Bxd7+ Nxd7 11. O-O Be7 12. a3 O-O 13. Qb3 1/2-1/2

[Event "34 Open Internacional Ciudad de San Seba"]
[Site "Donostia-San Sebastian"]
[Date "2011.04.21"]
[Round "7"]
[White "Alonso Aranzabal, Inigo"]
[Black "Both, Gert"]
[Result "0-1"]
[WhiteElo "2052"]
[BlackElo "1944"]
[PlyCount "116"]
[EventDate "2011.04.16"]
[EventRounds "9"]
[EventCountry "ESP"]

1. e4 c5 2. c3 e5 3. Nf3 d6 4. Bc4 Be7 5. h3 Nf6 6. d3 O-O 7. O-O Bd7 8. a4 Nc6
9. Re1 Na5 10. Ba2 Qe8 11. Nbd2 b5 12. axb5 Bxb5 13. d4 Nc6 14. Bd5 cxd4 15. c4
Nxd5 16. exd5 Nb4 17. Qb3 a5 18. cxb5 Qxb5 19. Ne4 Qxd5 20. Qxd5 Nxd5 21. Bd2
Rfb8 22. Ra2 h6 23. g4 Nb4 24. Bxb4 Rxb4 25. Ng3 f6 26. Rc1 Ra7 27. Nd2 Kf7 28.
h4 d5 29. f3 Rb5 30. Kf1 Rc5 31. Rxc5 Bxc5 32. Ke2 Bb4 33. Kd3 Rc7 34. Ra1 Rb7
35. Ra2 Ke6 36. h5 Rc7 37. Ra1 Rb7 38. Nb3 Ra7 39. Rc1 Rb7 40. Rc2 a4 41. Nd2
Bxd2 42. Rxd2 Rb3+ 43. Ke2 e4 44. Nf5 d3+ 45. Ke3 Rb4 46. Nxg7+ Ke5 47. f4+ Kd6
48. Nf5+ Kc5 49. Nxh6 a3 50. bxa3 Rb1 51. Nf5 Rh1 52. Rg2 Re1+ 53. Kf2 d2 54.
Ne3 d4 55. Nd1 e3+ 56. Kf3 Rxd1 57. h6 Rf1+ 58. Kg3 d1=Q 0-1

[Event "34 Open Internacional Ciudad de San Seba"]
[Site "Donostia-San Sebastian"]
[Date "2011.04.21"]
[Round "7"]
[White "Fernandez Zubitur, Jokin"]
[Black "Roldan Riaga, Roberto"]
[Result "0-1"]
[WhiteElo "1935"]
[BlackElo "2045"]
[PlyCount "48"]
[EventDate "2011.04.16"]
[EventRounds "9"]
[EventCountry "ESP"]

1. e4 e6 2. d4 d5 3. exd5 exd5 4. Bd3 Nf6 5. Bf4 Be7 6. Nf3 O-O 7. O-O Bg4 8.
h3 Bh5 9. Nbd2 Nbd7 10. c3 Re8 11. Qc2 Bg6 12. Ne5 Bxd3 13. Qxd3 Bd6 14. Rfe1
Nf8 15. Qf5 Ne6 16. Bg5 Nxg5 17. Qxg5 c6 18. Re3 Ne4 19. Qxd8 Raxd8 20. Nxe4
dxe4 21. Rae1 f5 22. f3 Rxe5 23. dxe5 Bc5 24. fxe4 f4 0-1

[Event "34 Open Internacional Ciudad de San Seba"]
[Site "Donostia-San Sebastian"]
[Date "2011.04.22"]
[Round "8"]
[White "Sebenik, Matej"]
[Black "Moreno Ruiz, Javier"]
[Result "1/2-1/2"]
[WhiteElo "2530"]
[BlackElo "2527"]
[PlyCount "57"]
[EventDate "2011.04.16"]
[EventRounds "9"]
[EventCountry "ESP"]

1. d4 d5 2. c4 dxc4 3. e3 e5 4. Bxc4 exd4 5. exd4 Nf6 6. Nf3 Bd6 7. O-O O-O 8.
h3 h6 9. Nc3 Nc6 10. Qc2 Nb4 11. Qb1 Be6 12. Bxe6 fxe6 13. Re1 Qd7 14. Bd2 Rae8
15. Re2 Nbd5 16. Ne5 Bxe5 17. dxe5 Nxc3 18. bxc3 Nd5 19. Qxb7 Rb8 20. Qxa7 Qb5
21. Ree1 Rb6 22. Qa3 Qd3 23. Rad1 Qc2 24. Qc1 Qxa2 25. c4 Rb2 26. cxd5 Rc2 27.
Qa1 Qxa1 28. Rxa1 Rxd2 29. f3 1/2-1/2

[Event "34 Open Internacional Ciudad de San Seba"]
[Site "Donostia-San Sebastian"]
[Date "2011.04.22"]
[Round "8"]
[White "Korchnoi, Viktor"]
[Black "Collins, Sam E"]
[Result "0-1"]
[WhiteElo "2557"]
[BlackElo "2426"]
[PlyCount "94"]
[EventDate "2011.04.16"]
[EventRounds "9"]
[EventCountry "ESP"]

1. d4 d5 2. c4 e6 3. Nf3 c5 4. cxd5 exd5 5. g3 Nc6 6. Bg2 Nf6 7. O-O Be7 8. Be3
c4 9. b3 cxb3 10. Qxb3 O-O 11. Ne5 Na5 12. Qd3 Be6 13. Nc3 Rc8 14. Rab1 g6 15.
Qd2 Nc4 16. Nxc4 Rxc4 17. Rxb7 Bb4 18. Rxb4 Rxb4 19. Bg5 Rc4 20. f4 h6 21. Bxh6
Qb6 22. h3 Rfc8 23. Kh2 Qxd4 24. Qxd4 Rxd4 25. Nb5 Ra4 26. f5 gxf5 27. Nd6 Rc2
28. Nxf5 Bxf5 29. Rxf5 Rxe2 30. Kg1 Raxa2 31. Bf1 Re6 32. Bf4 a5 33. Be5 Ne4
34. h4 Rg6 35. Rf3 a4 36. Rd3 Rd2 37. Ra3 Re6 38. Bf4 Rd4 39. Kg2 Rb6 40. Ra2
Rb3 41. Kh3 a3 42. Rc2 Rc3 43. Ra2 f6 44. h5 Rb4 45. Bg2 Rb2 46. Ra1 a2 47. h6
Rcc2 0-1

[Event "34 Open Internacional Ciudad de San Seba"]
[Site "Donostia-San Sebastian"]
[Date "2011.04.22"]
[Round "8"]
[White "Gonzalez Perez, Arian"]
[Black "Pap, Misa"]
[Result "0-1"]
[WhiteElo "2458"]
[BlackElo "2496"]
[PlyCount "76"]
[EventDate "2011.04.16"]
[EventRounds "9"]
[EventCountry "ESP"]

1. Nf3 Nf6 2. c4 c5 3. g3 b6 4. Bg2 Bb7 5. O-O e6 6. b3 Be7 7. Bb2 O-O 8. Nc3
a6 9. e3 d5 10. Ne2 b5 11. Nf4 Nbd7 12. Qc2 dxc4 13. bxc4 h6 14. Rab1 Ra7 15.
Ne5 Bxg2 16. Kxg2 Nxe5 17. Bxe5 Qa8+ 18. f3 Nd7 19. Ba1 Bf6 20. Bxf6 Nxf6 21.
cxb5 axb5 22. Rxb5 Rxa2 23. Rb2 Rxb2 24. Qxb2 Rd8 25. Qc3 e5 26. Nd3 Ne4 27.
fxe4 Qxe4+ 28. Kh3 Rxd3 29. Qxc5 Rxd2 30. Qc8+ Kh7 31. Rxf7 Qg2+ 32. Kg4 Qe2+
33. Kf5 Qd3+ 34. e4 Rf2+ 35. Kxe5 Rxf7 36. Qc6 Re7+ 37. Kf4 g5+ 38. Kg4 Rxe4+
0-1

[Event "34 Open Internacional Ciudad de San Seba"]
[Site "Donostia-San Sebastian"]
[Date "2011.04.22"]
[Round "8"]
[White "Colovic, Aleksandar"]
[Black "Narciso Dublan, Marc"]
[Result "1/2-1/2"]
[WhiteElo "2452"]
[BlackElo "2551"]
[PlyCount "106"]
[EventDate "2011.04.16"]
[EventRounds "9"]
[EventCountry "ESP"]

1. d4 f5 2. g3 Nf6 3. Bg2 g6 4. Nf3 Bg7 5. O-O O-O 6. b3 c6 7. Bb2 d5 8. c4 Be6
9. Nbd2 Kh8 10. Ne5 Nbd7 11. Nd3 Ne4 12. Rc1 Bg8 13. f3 Nxd2 14. Qxd2 dxc4 15.
bxc4 Nb6 16. d5 cxd5 17. Bxg7+ Kxg7 18. cxd5 Nxd5 19. e4 Qb6+ 20. Nc5 fxe4 21.
Qd4+ Nf6 22. Rb1 Qd6 23. Qxd6 exd6 24. Rxb7+ Kh6 25. Nxe4 Nxe4 26. fxe4 Rxf1+
27. Bxf1 Bxa2 28. Ba6 Be6 29. Re7 Bh3 30. Kf2 Rb8 31. Rxa7 Rb2+ 32. Ke3 Ra2 33.
Ra8 Bf1 34. Bb7 Rxh2 35. Rd8 Kg5 36. Rxd6 Kg4 37. e5 Kxg3 38. Rf6 Re2+ 39. Kd4
Bh3 40. Be4 Rd2+ 41. Ke3 Rd7 42. Bc6 Re7 43. Kd4 Bf5 44. Kd5 Kf4 45. e6 Kg5 46.
Ke5 Rxe6+ 47. Rxe6 Bxe6 48. Kxe6 Kf4 49. Kf6 g5 50. Kg7 h5 51. Kh6 h4 52. Kh5
h3 53. Bb7 h2 1/2-1/2

[Event "34 Open Internacional Ciudad de San Seba"]
[Site "Donostia-San Sebastian"]
[Date "2011.04.22"]
[Round "8"]
[White "Barria Zuniga, Daniel"]
[Black "Alvarez Pedraza, Aramis"]
[Result "0-1"]
[WhiteElo "2438"]
[BlackElo "2515"]
[PlyCount "71"]
[EventDate "2011.04.16"]
[EventRounds "9"]
[EventCountry "ESP"]

1. d4 Nf6 2. c4 e6 3. Nf3 d5 4. Nc3 Bb4 5. e3 O-O 6. Bd3 c5 7. O-O Nc6 8. a3
Bxc3 9. bxc3 Qc7 10. h3 Re8 11. a4 b6 12. Ba3 Na5 13. cxd5 exd5 14. Ne5 Rxe5
15. dxe5 Qxe5 16. Qe2 c4 17. Bc2 Bf5 18. Bxf5 Qxf5 19. Rad1 Re8 20. Rfe1 Nc6
21. f3 Ne5 22. Rd4 h6 23. Qd1 Nd3 24. Re2 Re6 25. Qb1 Nh5 26. e4 Qg6 27. Rxd5
Nhf4 28. Rd8+ Kh7 29. Ra2 Qg3 30. Kh1 Nxh3 31. Qf1 Ndf2+ 32. Rxf2 Nxf2+ 33. Kg1
Nh3+ 34. Kh1 Nf4 35. Rd2 Re5 36. Qxc4 0-1

[Event "34 Open Internacional Ciudad de San Seba"]
[Site "Donostia-San Sebastian"]
[Date "2011.04.22"]
[Round "8"]
[White "San Segundo Carrillo, Pablo"]
[Black "Alvarez Fernandez, Enrique"]
[Result "1-0"]
[WhiteElo "2513"]
[BlackElo "2374"]
[PlyCount "53"]
[EventDate "2011.04.16"]
[EventRounds "9"]
[EventCountry "ESP"]

1. d4 d5 2. c4 c6 3. Nf3 Nf6 4. Nc3 a6 5. a4 dxc4 6. e3 e6 7. Bxc4 c5 8. O-O
Be7 9. Qe2 O-O 10. dxc5 Bxc5 11. e4 Nc6 12. Bg5 e5 13. Rfd1 Nd4 14. Nxd4 Bxd4
15. Nd5 Bg4 16. Nxf6+ gxf6 17. Qxg4 fxg5 18. Ra3 Kg7 19. h4 h6 20. hxg5 hxg5
21. Rh3 Qe7 22. Rdd3 f6 23. Rh5 Rh8 24. Rdh3 Raf8 25. Rxh8 Rxh8 26. Rxh8 Kxh8
27. Qc8+ 1-0

[Event "34 Open Internacional Ciudad de San Seba"]
[Site "Donostia-San Sebastian"]
[Date "2011.04.22"]
[Round "8"]
[White "Pogorelov, Ruslan"]
[Black "Andres Gonzalez, Alberto"]
[Result "1/2-1/2"]
[WhiteElo "2430"]
[BlackElo "2503"]
[PlyCount "91"]
[EventDate "2011.04.16"]
[EventRounds "9"]
[EventCountry "ESP"]

1. Nf3 Nf6 2. c4 e6 3. Nc3 Bb4 4. Qc2 c5 5. a3 Ba5 6. g3 Nc6 7. Bg2 d6 8. O-O
O-O 9. d3 a6 10. Rb1 Bd7 11. Na2 b5 12. b4 Bb6 13. bxc5 Bxc5 14. Nb4 bxc4 15.
Qxc4 Nxb4 16. axb4 Bb6 17. Bb2 e5 18. Ng5 Bb5 19. Qh4 Rc8 20. Rbc1 h6 21. Ne4
Nxe4 22. Qxe4 Qd7 23. Qb7 Qxb7 24. Bxb7 Rxc1 25. Rxc1 Rb8 26. Bd5 Kf8 27. Kg2
Ke7 28. f4 f6 29. Kf3 a5 30. bxa5 Bxa5 31. Ba3 Bd7 32. e4 Rc8 33. Rxc8 Bxc8 34.
f5 Bd7 35. Bc4 Be8 36. h3 Bh5+ 37. g4 Be8 38. Bb3 h5 39. Bc1 hxg4+ 40. Kxg4 Bb4
41. h4 Bb5 42. Bc4 Ba4 43. Kh5 Be8+ 44. Kg4 Ba4 45. Kh5 Be8+ 46. Kg4 1/2-1/2

[Event "34 Open Internacional Ciudad de San Seba"]
[Site "Donostia-San Sebastian"]
[Date "2011.04.22"]
[Round "8"]
[White "Velten, Paul"]
[Black "Elsness, Frode"]
[Result "0-1"]
[WhiteElo "2281"]
[BlackElo "2484"]
[PlyCount "66"]
[EventDate "2011.04.16"]
[EventRounds "9"]
[EventCountry "ESP"]

1. d4 Nf6 2. Nf3 d5 3. g3 c6 4. Bg2 e6 5. O-O Nbd7 6. b3 Be7 7. Bb2 O-O 8. c4
b6 9. Qc2 Bb7 10. Nc3 Rc8 11. Rfd1 Qc7 12. e4 dxe4 13. Nxe4 Nxe4 14. Qxe4 c5
15. d5 Nf6 16. Qc2 exd5 17. Be5 Qd8 18. Nh4 g6 19. cxd5 Nd7 20. Bb2 Bxh4 21.
gxh4 Qxh4 22. Qc3 f6 23. Re1 Rce8 24. Rxe8 Rxe8 25. Re1 Ne5 26. Qd2 Nf3+ 27.
Bxf3 Qg5+ 28. Kh1 Qxd2 29. Rxe8+ Kf7 30. Re2 Qd1+ 31. Kg2 Bxd5 32. Bxd5+ Qxd5+
33. f3 g5 0-1

[Event "34 Open Internacional Ciudad de San Seba"]
[Site "Donostia-San Sebastian"]
[Date "2011.04.22"]
[Round "8"]
[White "Alonso Arburu, Juan Ignacio"]
[Black "Tratar, Marko"]
[Result "1/2-1/2"]
[WhiteElo "2367"]
[BlackElo "2482"]
[PlyCount "89"]
[EventDate "2011.04.16"]
[EventRounds "9"]
[EventCountry "ESP"]

1. d4 Nf6 2. Nf3 e6 3. Bf4 c5 4. e3 Qb6 5. Qc1 Nc6 6. c3 Nh5 7. Bg5 h6 8. Bh4
d5 9. Be2 cxd4 10. exd4 Bd6 11. Ne5 Bxe5 12. Bxh5 Nxd4 13. f4 Qc7 14. O-O Nf5
15. fxe5 Nxh4 16. Rxf7 Qc5+ 17. Rf2+ g6 18. Qf4 Qe7 19. Bg4 Bd7 20. Qf6 Rf8 21.
Qxf8+ Qxf8 22. Rxf8+ Kxf8 23. Nd2 Ke7 24. g3 Nf5 25. Bxf5 gxf5 26. Rf1 d4 27.
c4 Rc8 28. Rf4 Rc5 29. Rxd4 Rxe5 30. Kf2 Ra5 31. a3 Be8 32. Nb3 Ra6 33. Nc5 Rc6
34. b4 a5 35. Ke3 axb4 36. axb4 b6 37. Nd3 Rc7 38. Rh4 h5 39. Rd4 Ra7 40. h4
Ra2 41. b5 Rg2 42. Kf3 Rd2 43. Ke3 Rg2 44. Kf3 Rd2 45. Ke3 1/2-1/2

[Event "34 Open Internacional Ciudad de San Seba"]
[Site "Donostia-San Sebastian"]
[Date "2011.04.22"]
[Round "8"]
[White "Kalegin, Evgenij"]
[Black "Diez Fraile, David"]
[Result "1-0"]
[WhiteElo "2473"]
[BlackElo "2165"]
[PlyCount "85"]
[EventDate "2011.04.16"]
[EventRounds "9"]
[EventCountry "ESP"]

1. e4 c5 2. Nf3 d6 3. c3 Nf6 4. h3 Nc6 5. Bd3 g6 6. O-O Bg7 7. Bc2 O-O 8. d4 b6
9. d5 Ne5 10. Nxe5 dxe5 11. c4 Nh5 12. Nc3 Nf4 13. Qf3 Ba6 14. b3 Qd6 15. a4
Qf6 16. Ne2 Rad8 17. Re1 Nxe2+ 18. Qxe2 Bc8 19. a5 Qh4 20. Qe3 h6 21. axb6 axb6
22. Bb2 f5 23. Qg3 Qxg3 24. fxg3 e6 25. exf5 exd5 26. Bxe5 Bxf5 27. Bxg7 Kxg7
28. Bxf5 Rxf5 29. Re6 dxc4 30. bxc4 Rd4 31. Rxb6 Rxc4 32. g4 Rf7 33. Raa6 Rc1+
34. Kh2 Rf2 35. Rxg6+ Kf7 36. Rgc6 Kg7 37. Ra7+ Rf7 38. Rxf7+ Kxf7 39. Rxh6 c4
40. g5 Rd1 41. Rc6 Rd5 42. Rxc4 Rxg5 43. Rf4+ 1-0

[Event "34 Open Internacional Ciudad de San Seba"]
[Site "Donostia-San Sebastian"]
[Date "2011.04.22"]
[Round "8"]
[White "Starostits, Ilmars"]
[Black "Silva Rodriguez, Julio"]
[Result "1-0"]
[WhiteElo "2486"]
[BlackElo "2103"]
[PlyCount "61"]
[EventDate "2011.04.16"]
[EventRounds "9"]
[EventCountry "ESP"]

1. e4 e6 2. d4 d5 3. Nc3 Bb4 4. e5 c5 5. a3 Bxc3+ 6. bxc3 Qa5 7. Bd2 Qa4 8. Nf3
Nc6 9. dxc5 Qe4+ 10. Be3 Nxe5 11. Nxe5 Qxe5 12. Bb5+ Bd7 13. Bxd7+ Kxd7 14. O-O
Nf6 15. c4 Ke7 16. Rb1 Qc7 17. Qf3 Rhd8 18. cxd5 Rxd5 19. Bf4 e5 20. Bxe5 Qc6
21. Bd6+ Kd7 22. Rfe1 Re8 23. Rxe8 Kxe8 24. Qe3+ Kd8 25. c4 Rf5 26. Qe7+ Kc8
27. Qf8+ Qe8 28. Qxg7 Qe4 29. Rf1 Ng4 30. Qf8+ Kd7 31. Qb8 1-0

[Event "34 Open Internacional Ciudad de San Seba"]
[Site "Donostia-San Sebastian"]
[Date "2011.04.22"]
[Round "8"]
[White "Krulich, Roman"]
[Black "Spraggett, Kevin"]
[Result "0-1"]
[WhiteElo "2225"]
[BlackElo "2576"]
[PlyCount "164"]
[EventDate "2011.04.16"]
[EventRounds "9"]
[EventCountry "ESP"]

1. e4 d6 2. d4 Nf6 3. Nc3 g6 4. Be3 c6 5. a4 Nbd7 6. f3 e5 7. Nge2 Bg7 8. Qd2
O-O 9. g4 d5 10. g5 Nh5 11. exd5 cxd5 12. O-O-O exd4 13. Bxd4 Ne5 14. Bxe5 Bxe5
15. f4 Bg7 16. Nxd5 Bg4 17. Rg1 Be6 18. Bg2 Bxd5 19. Bxd5 Qb6 20. c3 Rad8 21.
Ng3 Nxf4 22. Bxf7+ Kxf7 23. Qxf4+ Kg8 24. Qc4+ Kh8 25. Rgf1 Qe3+ 26. Kb1 Rxd1+
27. Rxd1 Qxg5 28. Qc7 b5 29. axb5 Qxb5 30. Rd8 a5 31. Qc8 Qd3+ 32. Rxd3 Rxc8
33. Rd5 Ra8 34. Ne4 h6 35. Nd6 a4 36. Nb5 g5 37. c4 Rb8 38. Ka2 Kh7 39. Ka3 g4
40. Kxa4 Bxb2 41. c5 Rc8 42. Nd6 Ra8+ 43. Kb5 Rb8+ 44. Ka6 Ra8+ 45. Kb7 Ra5 46.
Nc4 Rb5+ 47. Ka6 Rb4 48. Nd6 Bd4 49. c6 Rb6+ 50. Ka5 Rxc6 51. Rxd4 h5 52. Rd2
Kg6 53. Kb4 Rc1 54. Nc4 Kg5 55. Kc5 h4 56. Kd4 g3 57. hxg3 hxg3 58. Ne3 Kf4 59.
Ng2+ Kf3 60. Nh4+ Kg4 61. Ng2 Rc8 62. Kd3 Re8 63. Re2 Rf8 64. Ke4 Rf7 65. Ne1
Rf1 66. Ke3 Kh3 67. Ng2 Kg4 68. Ne1 Rh1 69. Ng2 Rh5 70. Ne1 Ra5 71. Ng2 Ra3+
72. Kd2 Ra4 73. Ke3 Ra8 74. Ne1 Kh3 75. Nf3 g2 76. Ng5+ Kg3 77. Ne4+ Kh2 78.
Nd2 Rf8 79. Nf3+ Kg3 80. Ng1 Rf1 81. Ke4 Rxg1 82. Re3+ Kh2 0-1

[Event "34 Open Internacional Ciudad de San Seba"]
[Site "Donostia-San Sebastian"]
[Date "2011.04.22"]
[Round "8"]
[White "Llaneza Vega, Marcos"]
[Black "Lillo Castay, Victor"]
[Result "1-0"]
[WhiteElo "2473"]
[BlackElo "2281"]
[PlyCount "79"]
[EventDate "2011.04.16"]
[EventRounds "9"]
[EventCountry "ESP"]

1. Nf3 Nf6 2. g3 b6 3. Bg2 Bb7 4. O-O e6 5. c4 Be7 6. b3 O-O 7. Bb2 c5 8. d4 d5
9. cxd5 exd5 10. Nc3 Nc6 11. dxc5 bxc5 12. Nh4 d4 13. Na4 Re8 14. Rc1 Nd7 15.
Nf5 Bf8 16. Re1 Rc8 17. Qd2 Qf6 18. g4 h5 19. h3 h4 20. Qf4 g6 21. Nh6+ Kg7 22.
Qxf6+ Kxf6 23. f4 Kg7 24. g5 f5 25. e3 Bd6 26. Rcd1 Kf8 27. Ba3 Kg7 28. Nb2 Nb6
29. exd4 Bxf4 30. Rxe8 Rxe8 31. dxc5 Nc8 32. b4 Bxg5 33. Nxf5+ gxf5 34. b5 Rd8
35. bxc6 Rxd1+ 36. Nxd1 Ba8 37. Nc3 Ne7 38. c7 Bxg2 39. Kxg2 a6 40. Nd5 1-0

[Event "34 Open Internacional Ciudad de San Seba"]
[Site "Donostia-San Sebastian"]
[Date "2011.04.22"]
[Round "8"]
[White "Ibar, Marcelo"]
[Black "Mateo, Ramon"]
[Result "0-1"]
[WhiteElo "2217"]
[BlackElo "2446"]
[PlyCount "102"]
[EventDate "2011.04.16"]
[EventRounds "9"]
[EventCountry "ESP"]

1. Nf3 c5 2. c4 Nc6 3. e4 g6 4. d4 cxd4 5. Nxd4 Bg7 6. Be3 d6 7. Nc3 Nh6 8. Be2
O-O 9. O-O f5 10. exf5 gxf5 11. Nxc6 bxc6 12. Qd2 Nf7 13. f4 Qc7 14. Rad1 e5
15. b3 Be6 16. Rf3 Rad8 17. Na4 Qe7 18. Qc1 Kh8 19. Rg3 Rg8 20. c5 Bd5 21. cxd6
Nxd6 22. Nc3 Ne4 23. Nxe4 Bxe4 24. Bc4 Rgf8 25. Rf1 Rd7 26. fxe5 Bxe5 27. Bf4
Bd4+ 28. Be3 c5 29. Bxd4+ cxd4 30. Qf4 d3 31. Rd1 Rfd8 32. Rd2 Qc5+ 33. Kf1 Qe7
34. Rg5 Rf8 35. h4 Qf6 36. h5 Qd4 37. Qg3 Rdd8 38. Qc7 Qf6 39. Qf4 Rd4 40. Qg3
Bd5 41. Qe3 Re4 42. Qc5 Qa1+ 43. Kf2 Qe1+ 44. Kf3 Rxc4+ 45. Qxd5 Qf1+ 46. Rf2
Rf4+ 47. Kxf4 Qxf2+ 48. Qf3 Qd4+ 49. Kg3 d2 50. Rxf5 Rg8+ 51. Kh3 d1=Q 0-1

[Event "34 Open Internacional Ciudad de San Seba"]
[Site "Donostia-San Sebastian"]
[Date "2011.04.22"]
[Round "8"]
[White "Zysko, Jan"]
[Black "Debray, Christopher"]
[Result "0-1"]
[WhiteElo "2168"]
[BlackElo "2381"]
[PlyCount "82"]
[EventDate "2011.04.16"]
[EventRounds "9"]
[EventCountry "ESP"]

1. e4 c6 2. d4 d5 3. e5 c5 4. dxc5 e6 5. Nf3 Bxc5 6. Bd3 f5 7. exf6 Nxf6 8. O-O
O-O 9. c4 Nc6 10. Nc3 d4 11. Ne4 Nxe4 12. Bxe4 h6 13. a3 a5 14. Bd2 Qd6 15. b4
axb4 16. axb4 Rxa1 17. Qxa1 Nxb4 18. Bxb4 Bxb4 19. Qxd4 Qxd4 20. Nxd4 Rf4 21.
Nc2 Rxe4 22. Nxb4 Rxc4 23. Rb1 Bd7 24. f3 Ba4 25. Kf2 b5 26. Ke3 Kf7 27. Rb2
Ke7 28. Kd3 Kd6 29. Na2 Kc5 30. Nc3 Rd4+ 31. Ke3 e5 32. g4 Kc4 33. Ne2 Rd1 34.
h4 b4 35. Ke4 Re1 36. Kf5 Bd1 37. Ng3 Bxf3 38. g5 b3 39. Rf2 Be2 40. Kxe5 b2
41. Ne4 Kd3 0-1

[Event "34 Open Internacional Ciudad de San Seba"]
[Site "Donostia-San Sebastian"]
[Date "2011.04.22"]
[Round "8"]
[White "Praveen Kumar, C."]
[Black "Pressman, Leif"]
[Result "0-1"]
[WhiteElo "2352"]
[BlackElo "2198"]
[PlyCount "84"]
[EventDate "2011.04.16"]
[EventRounds "9"]
[EventCountry "ESP"]

1. d4 d5 2. Nf3 Bf5 3. e3 Nf6 4. Be2 h6 5. O-O e6 6. b3 Be7 7. Bb2 Nbd7 8. Nbd2
O-O 9. Ne5 Nxe5 10. dxe5 Nd7 11. Nf3 f6 12. Nd4 fxe5 13. Nxf5 Rxf5 14. c4 c6
15. Qc2 Bd6 16. Bg4 Rf6 17. f4 Qe7 18. cxd5 cxd5 19. Qd3 exf4 20. exf4 Rxf4 21.
Rxf4 Bxf4 22. Re1 Nf8 23. Qd4 Bg5 24. Qf2 Bh4 25. g3 Bf6 26. Bxf6 gxf6 27. Qd2
f5 28. Bf3 Qg5 29. Qb4 b6 30. Qd6 Rc8 31. h4 Qd2 32. Re2 Rc1+ 33. Kh2 Qd3 34.
Rxe6 Rc2+ 35. Bg2 Nxe6 36. Qxe6+ Kf8 37. Kh3 Qd2 38. Qxf5+ Ke7 39. Bxd5 Qh2+
40. Kg4 Qe2+ 41. Kh3 h5 42. Qg5+ Kd7 0-1